Statistics for Moments in History: 1066

Click here to take the quiz!

General Stats

  • This quiz has been taken 247 times
  • The average score is 7 of 21

Answer Stats

HintAnswer% Correct
Duke of Normandy during 1066William the Conqueror
89%
Battle which was fought between the Normans and the EnglishBattle of {Hastings}
87%
Earl of Wessex who succeeded the above kingHarold Godwinson
81%
English king who died without an heir on the 5th January, 1066Edward the Confessor
68%
King of Norway during 1066Harald Hardrada
61%
Bridge at where the English defeated the Vikings{Stamford} Bridge
59%
Frame used for a Norman Knight's feet so they have better support when on horsebackStirrup
30%
Date of the Duke of Normandy's coronation as King of England25th December, 1066
23%
Name of question 2's brother who sided with the above kingTostig Godwinson
23%
Formation used by the Anglo-Saxons during the above battleShield Wall
22%
Elite Anglo Saxon infantryHousecarl
21%
Council of Anglo-Saxon noblemen who decided who should be kingWitan
20%
Name of the Norman castles built by the Normans during the conquestMotte and Bailey
18%
Anglo-Saxon conscription infantry consisting mainly of peasantsFyrd
17%
Anglo-Saxon royal who was elected to be king but was never crownedEdgar Ætheling
14%
Battle where the Vikings defeated the EnglishBattle of {Fulford}
13%
Names of the English earls who fought at the above battleEdwin
12%
Morcar
10%
Region where the Normans landed in England on the 28th of September, 1066Pevensey
10%
Name of the hill where the English positioned themselves at the above battleSenlac Hill
10%
Anglo-Saxon settlement where the English leaders surrendered to the Duke of NormandyBerkhamsted
2%

Score Distribution

Percentile by Number Answered

Percent of People with Each Score

Your Score History

You have not taken this quiz